000 00962nam a2200229Ia 4500
005 20250108124852.0
008 008 250107s9999 xx 000 0 hin d
020 _a978-93-82662-60-0
037 _aTB
040 _aCRL
_bhin
_cCRL
041 _ahin
_2hin
084 _aQ221 152Q4
084 _qCRL
100 _aकाम्बूसैनी, कर्ण सिंह, ले.
_9729988
245 0 _aहम कौन थे क्या हो गये, और क्या होंगे अभी । आओ विचारे आज मिलकर, ये समस्यायें सभी ।।
_cकाम्बूसैनी, कर्ण सिंह, ले.
260 _aरूड़की, भारत
_bप्रीति प्रिंटिंग प्रैस
_c2506
300 _a164पृ0
365 _aINR
_b200
650 _aइतिहास
942 _cTB
_hQ221 152Q4
999 _c1234894
_d1234894